| 000 | 00418nam a22001577a 4500 | ||
|---|---|---|---|
| 020 | _a0538074108 | ||
| 082 |
_a658 _bSIS _cD |
||
| 100 |
_a.sisk, henry l _944605 |
||
| 245 |
_aManagement and organization _cL.sisk, henry |
||
| 250 | _a2nd ed | ||
| 260 |
_aEngland _bSuth western _c1973 |
||
| 300 |
_aix, 755 p. _bill, : _c18 cm. |
||
| 526 |
_a0 _b0 _c0 _d658_000000000000000_SIS |
||
| 650 |
_aMCE, _9379 |
||
| 942 |
_2ddc _cBK |
||
| 999 |
_c548351 _d548351 |
||